| 000 | 00982 a2200265 4500 | ||
|---|---|---|---|
| 003 | Nust | ||
| 005 | 20170207154010.0 | ||
| 010 | _a 2006051213 | ||
| 020 | _a0898716152 | ||
| 020 | _a9780898716153 | ||
| 035 | _a(OCoLC)71552507 | ||
| 035 | _a(OCoLC)ocm71552507 | ||
| 040 | _cNust | ||
| 082 | 0 | 0 | _a629.8/36 |
| 100 | 1 | _aIoannou, P. A. | |
| 245 | 1 | 0 |
_aAdaptive control tutorial-(E-BOOK) _cPetros Ioannou, Bari?idan. |
| 260 |
_aPhiladelphia, PA : _bSociety for Industrial and Applied Mathematics, _cc2006. |
||
| 300 |
_axvi, 389 p. : _bill. ; _c26 cm. |
||
| 440 | 0 | _aAdvances in design and control | |
| 650 | 0 | _aAdaptive control systems. | |
| 700 | 1 | _aFidan, Bari? size= | |
| 856 | 4 | 1 |
_3Contributor biographical information _uhttp://www.loc.gov/catdir/enhancements/fy0739/2006051213-b.html |
| 856 | 4 | 1 |
_3Publisher description _uhttp://www.loc.gov/catdir/enhancements/fy0739/2006051213-d.html |
| 856 | 4 | 1 |
_3Table of contents only _uhttp://www.loc.gov/catdir/toc/fy0710/2006051213.html |
| 942 |
_2ddc _cBK |
||
| 999 |
_c191154 _d191154 |
||